00383 2200157 4500001002100000005001500021035002000036245002900056100001500085300001700100260004800117082001000165084001600175020002200191990001200213INLIS00000000000332720251222092211 a0010-12250001481 aNoragami 5 /cAdachitoka0 aAdachitoka c11,5 x 17 cm aJakarta :bPT. Elek Media Komputindo,c2015 a741.3 a741.3 ADA n a978-602-02-6813-2 a0754510